ბათუმის შოთა რუსთაველის სახელმწიფო უნივერსიტეტის ბიბლიოთეკა

საბაჟო სამართალი : (ბიბ.ჩანაწერი № 61258)

000 -ლიდერი
ფიქსირებული სიგრძის საკონტროლო ველი 01193nam a22002177a 4500
003 - საკონტროლო ნომრის იდენტიფიკატორი
საკონტროლო ველი Ge_BSU
005 - ბოლო ოპერაციის თარიღი და დრო
საკონტროლო ველი 20240115125625.0
008 - ფიქსირებული სიგრძის მონაცემთა ელემენტები - ზოგადი ინფორმაცია
ფიქსირებული სიგრძის საკონტროლო ველი 240115s2022 ge ||||| |||| 00| 0 geo d
020 ## - წიგნის საერთაშორისო სტანდარტული ნომერი
International Standard Book Number 9789941851964
041 ## - ენის კოდი
Language code of text/sound track or separate title geo
080 ## - უნივერსალური ათობითი კლასიფიკაციის ინდექსი
Universal Decimal Classification number 34+339.543 ხ-25
100 ## - მთავარი ჩანაწერი - პიროვნების სახელი
Personal name ხარაზი, ია
9 (RLIN) 21042
245 ## - ცნობა სათაურის შესახებ
Title საბაჟო სამართალი :
Remainder of title დამხმარე სახელმძღვანელო. ნაწილი 2 /
Statement of responsibility, etc ია ხარაზი, ქეთინო ხარაზი ; სამეცნიერო რედაქტორი გიორგი გოგიაშვილი.
264 ## - წარმოების, გამოცემის, დისტრიბუციის და სხვა ცნობები
გამოცემის, წარმოების, დისტრიბუციის... ადგილი თბილისი :
გამოცემის, წარმოების, დისტრიბუციის... სახელწოდება გეორგიკა,
გამოცემის, წარმოების, დისტრიბუციის... თარიღი 2022.
300 ## - ფიზიკური აღწერა
Extent 1074 გვ. ;
Other physical details 21 სმ.
504 ## - BIBLIOGRAPHY, ETC. NOTE
Bibliography, etc ბიბლიოგრაფია ტექსტის შენიშვნებში და გვ. 1070-1072.
653 ## - INDEX TERM--UNCONTROLLED
Uncontrolled term საბაჟო სამართალი
700 ## - ADDED ENTRY--PERSONAL NAME
Personal name ხარაზი, ქეთინო
Relator term ავტორი
9 (RLIN) 21043
700 ## - ADDED ENTRY--PERSONAL NAME
Personal name გოგიაშვილი, გიორგი
Relator term სამეცნიერო რედაქტორი
9 (RLIN) 7880
942 ## - ADDED ENTRY ELEMENTS (KOHA)
Source of classification or shelving scheme
Koha item type წიგნი
ეგზემპლარები
ჩამოწერის სტატუსი დაკარგული ეგზემპლარის სტატუსი კლასიფიკაციის წყარო ან თაროზე გაწყობის სქემა დაზიანების სტატუსი არ გაიცემა მუდმივი მდებარეობა (დაცვის ადგილი) ამჟამინდელი ადგილსამყოფელი თაროზე განთავსების ადგილი შეძენის თარიღი ღირებულება, შესყიდვის ნორმალური ფასი სრული შენახვის შიფრი შტრიხკოდი ბოლო ოპერაციის თარიღი ეგზემპლარის მიმდევრობითი ნომერი (კეტერი?) ფასის ძალაში შესვლის თარიღი ეგზემპლარის სახეობა საჯარო შენიშვნა
          ბათუმის შოთა რუსთაველის სახელმწიფო უნივერსიტეტის მთავარი ბიბლიოთეკა ბათუმის შოთა რუსთაველის სახელმწიფო უნივერსიტეტის მთავარი ბიბლიოთეკა წიგნსაცავი 2024-01-15 50.00 34+339.543 ხ-25 67115 2024-01-15 67115 2024-01-15 წიგნი 50 ლ.
          ბათუმის შოთა რუსთაველის სახელმწიფო უნივერსიტეტის მთავარი ბიბლიოთეკა ბათუმის შოთა რუსთაველის სახელმწიფო უნივერსიტეტის მთავარი ბიბლიოთეკა წიგნსაცავი 2024-01-15 50.00 34+339.543 ხ-25 67116 2024-01-15 67116 2024-01-15 წიგნი 50 ლ.
          ბათუმის შოთა რუსთაველის სახელმწიფო უნივერსიტეტის მთავარი ბიბლიოთეკა ბათუმის შოთა რუსთაველის სახელმწიფო უნივერსიტეტის მთავარი ბიბლიოთეკა წიგნსაცავი 2024-01-15 50.00 34+339.543 ხ-25 67117 2024-01-15 67117 2024-01-15 წიგნი 50 ლ.